000 00657na a2200217 4500
001 19894
003 MIRAKIL
005 20181213155330.0
008 180327b tu 000 0
040 _aMilas
_btur
_cTR-AnCHP
041 _atur
082 _a328.561
_bT15y 2003
090 _a328.561 T15y 2003
110 _aTürkiye Büyük Millet Meclisi (TBMM)
245 _a22. dönem TBMM albümü
_cTürkiye Büyük Millet Meclisi (TBMM)
260 _aAnkara
_bTürkiye Büyük Millet Meclisi (TBMM)
_c2003
300 _a221 s.
_bfotg.
_c20 sm.
610 _aTBMM
_xAlbümler
_y2003
657 _a22. dönem milletvekili albümü
942 _2ddc
_cBKS
999 _c10658
_d10658